logo

Bir Sreshtho Munshi Abdur Rouf Library
Jhenaidah Cadet College

খেলাধুলার আইন / (Record no. 11136)

MARC details
000 -LEADER
fixed length control field 00757nam a2200217 a 4500
001 - CONTROL NUMBER
JCCL Control Number 11136
003 - CONTROL NUMBER IDENTIFIER
JCCL marc code BD-JhCC
005 - DATE AND TIME OF LATEST TRANSACTION
control field 20201116134020.0
008 - FIXED-LENGTH DATA ELEMENTS--GENERAL INFORMATION
fixed length control field 190601s2015 bg a|||| |||| 000 0 ben d
020 ## - INTERNATIONAL STANDARD BOOK NUMBER
International Standard Book Number 9847020001979
035 ## - SYSTEM CONTROL NUMBER
system control number (BD-JhCC)11136
040 ## - CATALOGING SOURCE
Original cataloging agency BD-JhCC
Modifying agency BD-JhCC
041 ## - LANGUAGE CODE
Language code of Book ben
082 ## - DEWEY DECIMAL CLASSIFICATION NUMBER
Classification number 344.41099
Author mark and Year PAR 2015
100 ## - MAIN ENTRY--PERSONAL NAME
Personal name পারভেজ, সৈয়দ মাজহারুল
245 ## - TITLE STATEMENT
Title খেলাধুলার আইন /
Statement of responsibility, etc সৈয়দ মাজহারুল পারভেজ
260 ## - PUBLICATION, DISTRIBUTION, ETC. (IMPRINT)
Place of publication, distribution, etc ঢাকা :
Name of publisher, distributor, etc হাতেখড়ি,
Date of publication, distribution, etc ২০১৮.
300 ## - PHYSICAL DESCRIPTION
Pagination ৫৪২ পৃ. :
Other physical details চিত্রবলী সংযোজিত;
Dimensions ২৩ সেমি.
650 ## - SUBJECT ADDED ENTRY--TOPICAL TERM
Topical term or geographic name as entry element Sports lawyers
942 ## - ADDED ENTRY ELEMENTS (KOHA)
Source of classification or shelving scheme Dewey Decimal Classification
Koha item type Books
Koha issues (borrowed), all copies 4
Holdings
Source of classification or shelving scheme Damaged status Not for loan Home library Current library Shelving location Date of accession Cost, normal purchase price Total Checkouts Full call number Barcode Date last seen Date checked out Copy number Koha item type
Dewey Decimal Classification     JCC Rouf Library JCC Rouf Library General Stacks 06/01/2019 490.00 2 344.41099 PAR 2015 14982 06/28/2022 11/15/2020 C-1 Books

JCC Library | Contacts | JCC Home

Last Update on 23 September 2017
Copyright @ 2017-2020 JCC Rouf Library
Rouf Library, Jhenidah Cadet College (JCC), Bangladesh